000 00603nam a2200205Ia 4500
005 20250923150031.0
008 008 250917s9999 xx 000 0 eng d
037 _aTextual
040 _aDSWL
_beng
_cDSWL
041 _aeng
_2eng
084 _aY:5.212N8, N99
_qDSWL
100 _aZachariah, K.C.
_9841493
245 0 _aDemographic transition in Kerala in the 1980s
_c by K.C. Zachariah
260 _aTrivandrum
_b Centre For dev. Studies
_c1994
300 _a305 p.
365 _aINR
_b250.00
925 _g250.00
942 _cTEXL
_hY:5.212N8, N99
999 _c1458779
_d1458779